000 00287nam a22001217a 4500
008 180606b xxu||||| |||| 00| 0 eng d
041 _aeng
080 _a043.3
100 _a0
101 _aMBE-BTH
245 _aOrientimi i punëtorëve të rinj në Kosovë
_cEjupi,M
942 _2udc
_cBK
999 _c46402
_d46402